000 00450nam a2200181Ia 4500
008 090124s9999 xx 000 0 und d
082 _b121190
100 _aसाठे शंकर भाऊ
245 _a सूड
250 _a1
260 _c1985
300 _a164
600 _aसाठे शंकर भाऊ
630 _a सूड
700 _aसाठे शंकर भाऊ
730 _a सूड
942 _cBOOK
999 _c167276
_d167276